000 01005cab a2200289 4500
001 ABS37652
008 090401t1987 xxu||||| |||| 00| 0 eng d
035 _a(Sirsi) u5896
041 _aeng
100 _aSeidl, A.
245 _aJapan builds a stronger overseas base
260 _c1987
300 _a(See also Abstract )
350 _a0
490 _aEstates Times
_v894 15 May 1987, 15(1)
520 _aThe findings of Reading University research report on the Japan ese construction industry , show that the Japanese are a major force in the West and could pose a particular threat to the British construction industry. This brief article examines the Japanese work ethic, investment, their industry as a whole and reasons for their rapid expansion.
650 _aFAR EAST
650 _aKAJIMA
650 _aKUMAGAI GUMI
650 _aOHBAYASHI
650 _aSHIMIZU
650 _aTAISEI
650 _aTAKENAKA
690 _aBUILT ENVIRONMENT
942 _n0
948 _c04/03/1997
999 _c3527
_d3527